| 000 | 00731nam a2200217Ia 4500 | ||
|---|---|---|---|
| 003 | GCL | ||
| 008 | 140319s9999 xx 000 0 ara d | ||
| 040 |
_aGCL / _cGCL |
||
| 082 | 0 | 4 |
_a029 _bن م |
| 100 | 1 | _aناهد حمدى احمد | |
| 245 | 1 | 0 |
_aالمقتنيات الارشيفية: تكوينها وتنميرها / _cناهد حمدى احمد |
| 300 | _a142 ص | ||
| 490 |
_aالهيئة العامة للاستعلامات _v0 |
||
| 650 | 0 | 4 | _aالتوثيق |
| 650 | 0 | 4 | _aمراكز التوثيق |
| 650 | 0 | 4 | _aالارشيف والمحفوظات |
| 650 | 0 | 4 | _aخدمات المعلومات |
| 650 | 0 | 4 | _aالوثائق - علم |
| 650 | 0 | 4 | _aالارشيف - الاجراءات الفنية |
| 942 |
_2ddc _cBK |
||
| 999 |
_c51841 _d51841 |
||